[Event "Liberec Open 2016"]
[Site "Liberec CZE"]
[Date "2016.02.15"]
[Round "4.4"]
[White "Chudinovskikh, Alexander M"]
[Black "Dzikowski, Michal"]
[Result "1-0"]
[WhiteElo "2257"]
[BlackElo "2028"]
[PlyCount "141"]
[EventDate "2016.02.13"]
[EventType "swiss"]
[EventRounds "9"]
[EventCountry "CZE"]
[Source "lmi"]
[SourceDate "2016.02.13"]

1. d4 Nf6 2. Nf3 e6 3. Bf4 d5 4. e3 Be7 5. c4 c6 6. Nc3 Nbd7 7. Qc2 Nh5 8. Bd3
Nxf4 9. exf4 Nf6 10. O-O O-O 11. Rad1 dxc4 12. Bxc4 Nd5 13. g3 g6 14. Ne5 Bf6
15. Rfe1 Nxc3 16. Qxc3 Qd6 17. Be2 Bd7 18. Bf3 Rfd8 19. Qa5 Be8 20. Re3 Qe7 21.
b4 b6 22. Qa3 Rac8 23. Rc3 Rc7 24. Qb3 Rdc8 25. a4 c5 26. dxc5 bxc5 27. b5 c4
28. Qb1 Rc5 29. Qe4 Qc7 30. Rdc1 Bxe5 31. fxe5 Rxe5 32. Qxc4 Qxc4 33. Rxc4 Re1+
34. Rxe1 Rxc4 35. Rd1 Rc7 36. Rd8 Kf8 37. Ra8 Ke7 38. Rb8 Bd7 39. a5 Kd6 40. a6
Bc8 41. b6 Rc1+ 42. Kg2 Bxa6 43. Be2 Bxe2 44. Rd8+ Ke7 45. b7 Bf1+ 46. Kf3 Rc3+
47. Kf4 Rb3 48. b8=Q Rxb8 49. Rxb8 Kf6 50. Rb7 a6 51. h4 Bb5 52. g4 Be2 53. g5+
Kg7 54. Ke5 Bd3 55. Kd6 e5 56. Kxe5 Bb5 57. Kd6 Bc4 58. Rc7 Bb5 59. Rc3 Be2 60.
Re3 Bc4 61. Re4 Bd3 62. Rf4 Bf5 63. Ke7 Bd3 64. Rd4 Bc2 65. Rd6 Bb3 66. Rxa6 h6
67. Ra3 Be6 68. Re3 hxg5 69. Rxe6 fxe6 70. hxg5 e5 71. f3 1-0

[Event "Liberec Open 2016"]
[Site "Liberec CZE"]
[Date "2016.02.15"]
[Round "4.5"]
[White "Bartos, Jan"]
[Black "Korosciel, Aneta"]
[Result "1/2-1/2"]
[WhiteElo "2181"]
[BlackElo "2023"]
[PlyCount "99"]
[EventDate "2016.02.13"]
[EventType "swiss"]
[EventRounds "9"]
[EventCountry "CZE"]
[Source "lmi"]
[SourceDate "2016.02.13"]

1. d4 Nf6 2. c4 e6 3. g3 d5 4. Nf3 Be7 5. Bg2 O-O 6. O-O c6 7. Qc2 b6 8. Nbd2
Bb7 9. e4 dxe4 10. Nxe4 Nbd7 11. Rd1 Qc8 12. Bf4 Nxe4 13. Qxe4 Nf6 14. Qe2 Re8
15. Bh3 h6 16. Ne5 g5 17. Bd2 Qc7 18. f4 Nh7 19. Qh5 Bf8 20. fxg5 hxg5 21. Bxg5
f6 22. Bf4 fxe5 23. Qg6+ Bg7 24. Bxe6+ Kh8 25. dxe5 Re7 26. Rd6 Bc8 27. Bxc8
Rxc8 28. Rad1 Nf8 29. Qe4 Ne6 30. Qg6 Rce8 31. h4 Nf8 32. Qe4 Bxe5 33. Rh6+ Kg8
34. Bxe5 Qxe5 35. Qxe5 Rxe5 36. Rxc6 Re2 37. Rf1 Rxb2 38. Rf2 Ree2 39. Rxe2
Rxe2 40. a4 Ra2 41. c5 bxc5 42. Rxc5 Rxa4 43. Kf2 Ra3 44. Rc7 a5 45. Ra7 Nh7
46. Ke2 Nf6 47. Kd2 Ne4+ 48. Kc2 Rxg3 49. Kb2 Rf3 50. Rxa5 1/2-1/2

[Event "Liberec Open 2016"]
[Site "Liberec CZE"]
[Date "2016.02.15"]
[Round "4.8"]
[White "Dimov, Daniel"]
[Black "Kaderabek, Jiri"]
[Result "0-1"]
[WhiteElo "1959"]
[BlackElo "2190"]
[PlyCount "92"]
[EventDate "2016.02.13"]
[EventType "swiss"]
[EventRounds "9"]
[EventCountry "CZE"]
[Source "lmi"]
[SourceDate "2016.02.13"]

1. c4 e5 2. Nc3 Nf6 3. g3 Nc6 4. Bg2 Be7 5. e3 h5 6. d4 exd4 7. exd4 h4 8. g4
d5 9. cxd5 Nb4 10. a3 h3 11. Bf3 Nbxd5 12. Nxd5 Nxd5 13. Qb3 c6 14. Bxd5 Qxd5
15. Qxd5 cxd5 16. f3 Be6 17. Ne2 Rc8 18. Nc3 Kd7 19. Bd2 Rc4 20. Ne2 Bh4+ 21.
Kd1 Be7 22. b3 Rc6 23. Nf4 Bf6 24. Ne2 Rhc8 25. Rc1 Rxc1+ 26. Bxc1 Be7 27. Rg1
Bh4 28. f4 g6 29. Kd2 Kd6 30. Bb2 Bd7 31. a4 Re8 32. Ba3+ Kc7 33. Rc1+ Kd8 34.
Nc3 Bxg4 35. Nxd5 Re2+ 36. Kd3 Rxh2 37. Ne3 Bf5+ 38. Kc4 Re2 39. Nxf5 gxf5 40.
Kd3 Rg2 41. d5 h2 42. Bc5 Bf2 43. Bxf2 Rxf2 44. Ke3 Rb2 45. Kd4 f6 46. Kc4 Rc2+
0-1

[Event "Liberec Open 2016"]
[Site "Liberec CZE"]
[Date "2016.02.15"]
[Round "4.11"]
[White "Simon, Eric"]
[Black "Blahacek, Evzen"]
[Result "1-0"]
[WhiteElo "2107"]
[BlackElo "1949"]
[PlyCount "69"]
[EventDate "2016.02.13"]
[EventType "swiss"]
[EventRounds "9"]
[EventCountry "CZE"]
[Source "lmi"]
[SourceDate "2016.02.13"]

1. Nf3 Nf6 2. g3 e6 3. Bg2 d5 4. O-O Be7 5. d4 Nbd7 6. c4 O-O 7. Qc2 c6 8. Nbd2
Re8 9. e4 Nxe4 10. Nxe4 dxe4 11. Qxe4 h6 12. Rd1 Qc7 13. b3 b6 14. Bf4 Bd6 15.
Bxd6 Qxd6 16. Ne5 Bb7 17. Nxc6 f5 18. Ne7+ Qxe7 19. Qxb7 a5 20. Bc6 Red8 21. d5
Rab8 22. Qa7 e5 23. d6 Qe8 24. Rd2 Kh8 25. Re1 Ra8 26. Bxa8 Rxa8 27. Qb7 Rb8
28. Qd5 Rc8 29. f4 Rc5 30. Qb7 e4 31. Rd5 g5 32. Rxc5 bxc5 33. Qd5 Qh5 34. Qa8+
Kh7 35. Qxa5 1-0

[Event "Liberec Open 2016"]
[Site "Liberec CZE"]
[Date "2016.02.15"]
[Round "4.13"]
[White "Brauer, Christian"]
[Black "Pribyl, Viktor"]
[Result "1-0"]
[WhiteElo "2096"]
[BlackElo "1850"]
[PlyCount "57"]
[EventDate "2016.02.13"]
[EventType "swiss"]
[EventRounds "9"]
[EventCountry "CZE"]
[Source "lmi"]
[SourceDate "2016.02.13"]

1. c4 Nf6 2. g3 g6 3. Bg2 d5 4. cxd5 Nxd5 5. Nc3 Nb6 6. d3 Bg7 7. Be3 O-O 8.
Qd2 Re8 9. Bh6 Bh8 10. h4 N8d7 11. h5 Nf6 12. hxg6 fxg6 13. Nf3 e5 14. Ng5 Qe7
15. Qc2 c6 16. a3 Be6 17. Nxe6 Qxe6 18. Ne4 Nxe4 19. Bxe4 Nd5 20. O-O-O a5 21.
Kb1 b5 22. Rc1 Ra6 23. Qc5 Rd8 24. Bxd5 Qxd5 25. Qe7 Qd7 26. Qh4 b4 27. Qc4+
Qd5 28. Qxa6 bxa3 29. Qc4 1-0

[Event "Liberec Open 2016"]
[Site "Liberec CZE"]
[Date "2016.02.15"]
[Round "4.18"]
[White "Bilczewski, Kacper"]
[Black "Twardowski, Hubert"]
[Result "1-0"]
[WhiteElo "2015"]
[BlackElo "1569"]
[PlyCount "47"]
[EventDate "2016.02.13"]
[EventType "swiss"]
[EventRounds "9"]
[EventCountry "CZE"]
[Source "lmi"]
[SourceDate "2016.02.13"]

1. e4 e5 2. Nf3 Nc6 3. d3 Nf6 4. Nbd2 d5 5. g3 Bc5 6. Bg2 dxe4 7. dxe4 O-O 8.
O-O h6 9. Qe2 Qe7 10. c3 a6 11. a4 Be6 12. b4 Bb6 13. Ba3 Nd8 14. Nxe5 c6 15.
a5 Ba7 16. Kh1 Nd7 17. Nxd7 Bxd7 18. Nb3 Ne6 19. Qd1 Nc7 20. b5 Qe6 21. Bxf8
Kxf8 22. b6 Bxb6 23. axb6 Nb5 24. Nc5 1-0

[Event "Liberec Open 2016"]
[Site "Liberec CZE"]
[Date "2016.02.15"]
[Round "4.20"]
[White "Slechta, Jan"]
[Black "Jeute, Peter"]
[Result "1/2-1/2"]
[WhiteElo "1721"]
[BlackElo "1976"]
[PlyCount "51"]
[EventDate "2016.02.13"]
[EventType "swiss"]
[EventRounds "9"]
[EventCountry "CZE"]
[Source "lmi"]
[SourceDate "2016.02.13"]

1. g4 d5 2. Bg2 c6 3. h3 e5 4. d3 Bc5 5. Nf3 Qd6 6. Nc3 a6 7. a3 h6 8. b4 Ba7
9. Bb2 Be6 10. e4 Nd7 11. Qd2 Ne7 12. Nh4 f6 13. Rf1 O-O-O 14. Ne2 g5 15. Nf5
Nxf5 16. exf5 Bf7 17. O-O-O Rhe8 18. Kb1 Kb8 19. c3 Qc7 20. Qc2 Ka8 21. c4 dxc4
22. dxc4 Nb6 23. c5 Nd5 24. Be4 Qe7 25. Rd2 Rd7 26. Rfd1 1/2-1/2

[Event "Liberec Open 2016"]
[Site "Liberec CZE"]
[Date "2016.02.15"]
[Round "4.21"]
[White "Von Keyserlingk, Chanda"]
[Black "Siggelkow, Axel"]
[Result "1/2-1/2"]
[WhiteElo "1758"]
[BlackElo "2051"]
[PlyCount "47"]
[EventDate "2016.02.13"]
[EventType "swiss"]
[EventRounds "9"]
[EventCountry "CZE"]
[Source "lmi"]
[SourceDate "2016.02.13"]

1. d4 Nf6 2. c4 c5 3. d5 b5 4. cxb5 a6 5. f3 d6 6. e4 g6 7. Bc4 Bg7 8. Ne2 O-O
9. O-O Nbd7 10. Nbc3 Ne5 11. b3 axb5 12. Bxb5 Ba6 13. Bb2 c4 14. Bxa6 Rxa6 15.
Kh1 Nd3 16. Qd2 Qb6 17. Nc1 Nxb2 18. Qxb2 cxb3 19. Nxb3 Nd7 20. Qd2 Qb4 21.
Rac1 Rfa8 22. Nb1 Qxd2 23. N1xd2 Rxa2 24. Nc4 1/2-1/2

[Event "Liberec Open 2016"]
[Site "Liberec CZE"]
[Date "2016.02.15"]
[Round "4.22"]
[White "Paldus, Petr"]
[Black "Jina, Lubos"]
[Result "1-0"]
[WhiteElo "1999"]
[BlackElo "1767"]
[PlyCount "65"]
[EventDate "2016.02.13"]
[EventType "swiss"]
[EventRounds "9"]
[EventCountry "CZE"]
[Source "lmi"]
[SourceDate "2016.02.13"]

1. e4 c5 2. b3 e5 3. Bb2 d6 4. g3 Nc6 5. Bg2 Nf6 6. Ne2 Bd7 7. O-O Be7 8. c3
O-O 9. d4 exd4 10. cxd4 cxd4 11. Nxd4 Nxd4 12. Bxd4 Bc6 13. Nd2 Ne8 14. Nc4 f5
15. exf5 Bxg2 16. Kxg2 Rxf5 17. Qg4 Qc8 18. Ne3 Rf7 19. Qxc8 Rxc8 20. Rac1 Rxc1
21. Rxc1 b6 22. Rc8 Kf8 23. Nd5 Bf6 24. Bxf6 gxf6 25. Kf3 Rd7 26. Rxe8+ Kxe8
27. Nxf6+ Ke7 28. Nxd7 Kxd7 29. Ke4 Kc6 30. f4 Kc5 31. f5 d5+ 32. Ke5 d4 33. f6
1-0

[Event "Liberec Open 2016"]
[Site "Liberec CZE"]
[Date "2016.02.15"]
[Round "4.28"]
[White "Simak, Roman"]
[Black "Nemcova, Karin"]
[Result "1/2-1/2"]
[WhiteElo "1598"]
[BlackElo "1853"]
[PlyCount "61"]
[EventDate "2016.02.13"]
[EventType "swiss"]
[EventRounds "9"]
[EventCountry "CZE"]
[Source "lmi"]
[SourceDate "2016.02.13"]

1. d4 d5 2. e3 Nf6 3. Bd3 e6 4. f4 c5 5. c3 Nc6 6. Nf3 Bd6 7. Nbd2 cxd4 8. cxd4
Bd7 9. O-O Nb4 10. Nb3 Nxd3 11. Qxd3 O-O 12. Ne5 Ne4 13. Nd2 Nxd2 14. Bxd2 f5
15. Nxd7 Qxd7 16. Rac1 Rac8 17. Rxc8 Rxc8 18. b3 a6 19. Rc1 Rxc1+ 20. Bxc1 Qc6
21. Bd2 b5 22. Qc3 Qxc3 23. Bxc3 Kf7 24. Kf2 Ke7 25. Ke2 Kd7 26. Kd3 g5 27. g3
gxf4 28. gxf4 Ke7 29. Ke2 Kf6 30. Kf3 Kg6 31. b4 1/2-1/2

[Event "Liberec Open 2016"]
[Site "Liberec CZE"]
[Date "2016.02.15"]
[Round "4.35"]
[White "Netusil, Oldrich"]
[Black "Hrbek, Stepan"]
[Result "0-1"]
[WhiteElo "1579"]
[BlackElo "1656"]
[PlyCount "51"]
[EventDate "2016.02.13"]
[EventType "swiss"]
[EventRounds "9"]
[EventCountry "CZE"]
[Source "lmi"]
[SourceDate "2016.02.13"]

1. e4 e6 2. Nf3 d5 3. exd5 exd5 4. d4 Bd6 5. Nc3 Ne7 6. Bd3 Nbc6 7. O-O Bg4 8.
Be3 Qd7 9. Re1 f6 10. a3 O-O-O 11. Nb5 g5 12. c4 a6 13. Nxd6+ Qxd6 14. c5 Qd7
15. b4 Na7 16. a4 h5 17. b5 a5 18. Qd2 b6 19. cxb6 cxb6 20. Rec1+ Kb8 21. Rc3
Bxf3 22. gxf3 Nf5 23. Rac1 Nh4 24. Qd1 Qh3 25. Bf1 Nxf3+ 26. Qxf3 0-1

[Event "Liberec Open 2016"]
[Site "Liberec CZE"]
[Date "2016.02.15"]
[Round "4.43"]
[White "Zadrazil, Filip"]
[Black "Simak, Ivo"]
[Result "0-1"]
[WhiteElo "1560"]
[BlackElo "1416"]
[PlyCount "32"]
[EventDate "2016.02.13"]
[EventType "swiss"]
[EventRounds "9"]
[EventCountry "CZE"]
[Source "lmi"]
[SourceDate "2016.02.13"]

1. d4 Nf6 2. c4 d6 3. Nc3 g6 4. e4 Bg7 5. Be3 Nc6 6. f3 O-O 7. a3 e5 8. d5 Ne7
9. Bd3 Nh5 10. Qd2 f5 11. exf5 Nxf5 12. Bg5 Nf6 13. Ne4 Nd4 14. Ne2 Nb3 15. Qc3
Nxa1 16. O-O Nxe4 0-1

[Event "Liberec Open 2016"]
[Site "Liberec CZE"]
[Date "2016.02.16"]
[Round "5.1"]
[White "Mikalsen, Erlend"]
[Black "Chudinovskikh, Alexander M"]
[Result "1/2-1/2"]
[WhiteElo "2319"]
[BlackElo "2257"]
[PlyCount "42"]
[EventDate "2016.02.13"]
[EventType "swiss"]
[EventRounds "9"]
[EventCountry "CZE"]
[Source "lmi"]
[SourceDate "2016.02.13"]

1. e4 e5 2. Nf3 Nc6 3. Bb5 a6 4. Ba4 Nf6 5. O-O Be7 6. Re1 b5 7. Bb3 O-O 8. c3
d6 9. h3 Re8 10. d4 Bb7 11. Nbd2 Bf8 12. d5 Nb8 13. Nf1 Nbd7 14. Ng3 g6 15. Nh2
h6 16. Be3 Nc5 17. Bxc5 dxc5 18. c4 c6 19. Qf3 cxd5 20. cxd5 c4 21. Bc2 Rc8
1/2-1/2

[Event "Liberec Open 2016"]
[Site "Liberec CZE"]
[Date "2016.02.16"]
[Round "5.2"]
[White "Plischki, Sebastian"]
[Black "Moravec, Vit"]
[Result "1/2-1/2"]
[WhiteElo "2381"]
[BlackElo "2180"]
[PlyCount "46"]
[EventDate "2016.02.13"]
[EventType "swiss"]
[EventRounds "9"]
[EventCountry "CZE"]
[Source "lmi"]
[SourceDate "2016.02.13"]

1. d4 Nf6 2. c4 e6 3. g3 d5 4. Bg2 c5 5. Nf3 Nc6 6. cxd5 Nxd5 7. O-O Be7 8. Nc3
O-O 9. Nxd5 exd5 10. dxc5 Bxc5 11. Bg5 f6 12. Rc1 Bb6 13. Bd2 Be6 14. Qa4 Qd7
15. Rfd1 Nd4 16. Qxd7 Nxe2+ 17. Kf1 Bxd7 18. Kxe2 Bb5+ 19. Ke1 d4 20. Nxd4 Bxd4
21. Be3 Bxb2 22. Bxb7 Bxc1 23. Bxa8 Rxa8 1/2-1/2

[Event "Liberec Open 2016"]
[Site "Liberec CZE"]
[Date "2016.02.16"]
[Round "5.3"]
[White "Balinski, Damian"]
[Black "Stebel, Jacek"]
[Result "1-0"]
[WhiteElo "2181"]
[BlackElo "1858"]
[PlyCount "53"]
[EventDate "2016.02.13"]
[EventType "swiss"]
[EventRounds "9"]
[EventCountry "CZE"]
[Source "lmi"]
[SourceDate "2016.02.13"]

1. d4 Nf6 2. Nf3 g6 3. Bf4 Bg7 4. e3 d5 5. h3 O-O 6. Bd3 c5 7. c3 cxd4 8. exd4
Nc6 9. O-O Bd7 10. Nbd2 Rc8 11. Re1 e6 12. Ne5 a6 13. Nxc6 Bxc6 14. Nf3 b5 15.
Ne5 Qb6 16. a4 b4 17. a5 Qa7 18. Nxc6 Rxc6 19. Qa4 Qb7 20. cxb4 Nh5 21. b5 axb5
22. Bxb5 Rcc8 23. Bd6 Rfd8 24. a6 Qa8 25. Be7 Bf6 26. Bxd8 Bxd8 27. a7 1-0

[Event "Liberec Open 2016"]
[Site "Liberec CZE"]
[Date "2016.02.16"]
[Round "5.4"]
[White "Kaderabek, Jiri"]
[Black "Bradac, Daniel"]
[Result "1/2-1/2"]
[WhiteElo "2190"]
[BlackElo "2030"]
[PlyCount "24"]
[EventDate "2016.02.13"]
[EventType "swiss"]
[EventRounds "9"]
[EventCountry "CZE"]
[Source "lmi"]
[SourceDate "2016.02.13"]

1. e4 c5 2. Nf3 Nc6 3. Bb5 g6 4. O-O Bg7 5. Re1 a6 6. Bf1 e5 7. a4 Nf6 8. Na3
O-O 9. d3 d5 10. Bg5 d4 11. Qd2 Qd7 12. c3 Na5 1/2-1/2

[Event "Liberec Open 2016"]
[Site "Liberec CZE"]
[Date "2016.02.16"]
[Round "5.5"]
[White "Hons, Tomas"]
[Black "Bartos, Jan"]
[Result "0-1"]
[WhiteElo "2030"]
[BlackElo "2181"]
[PlyCount "100"]
[EventDate "2016.02.13"]
[EventType "swiss"]
[EventRounds "9"]
[EventCountry "CZE"]
[Source "lmi"]
[SourceDate "2016.02.13"]

1. e4 e5 2. Nf3 Nc6 3. Bb5 a6 4. Ba4 Nf6 5. O-O Be7 6. Re1 b5 7. Bb3 d6 8. c3
O-O 9. h3 Nb8 10. d4 Nbd7 11. Nbd2 Bb7 12. Bc2 Re8 13. Nf1 Bf8 14. Ng3 g6 15.
b3 Bg7 16. Bb2 c6 17. Qd2 Qc7 18. a4 a5 19. Ba3 bxa4 20. bxa4 c5 21. d5 c4 22.
Rab1 Ba6 23. Rb2 Nc5 24. Reb1 Nfd7 25. Qe3 Reb8 26. Nd2 Rxb2 27. Rxb2 Rb8 28.
Rxb8+ Qxb8 29. Ngf1 Qc7 30. g3 h5 31. Kg2 Kh7 32. f3 Bh6 33. Qe2 Nb6 34. Qd1
Nd3 35. h4 Bc8 36. Qb1 Bd7 37. Bxd3 cxd3 38. Qxd3 Bxa4 39. Ne3 Bxe3 40. Qxe3
Bb5 41. c4 Bxc4 42. Nxc4 Nxc4 43. Qc3 Qc8 44. Kf2 Qa6 45. Bc1 a4 46. f4 a3 47.
Bxa3 Nxa3 48. fxe5 Nb5 49. Qb2 dxe5 50. Qxe5 Qd6 0-1

[Event "Liberec Open 2016"]
[Site "Liberec CZE"]
[Date "2016.02.16"]
[Round "5.8"]
[White "Malinovsky, Petr"]
[Black "Bindrich, Oswald"]
[Result "0-1"]
[WhiteElo "1979"]
[BlackElo "2105"]
[PlyCount "90"]
[EventDate "2016.02.13"]
[EventType "swiss"]
[EventRounds "9"]
[EventCountry "CZE"]
[Source "lmi"]
[SourceDate "2016.02.13"]

1. d4 Nf6 2. c4 g6 3. Nc3 Bg7 4. e4 d6 5. f3 O-O 6. Be3 c5 7. Nge2 Nc6 8. Qd2
e6 9. O-O-O b6 10. Kb1 Ba6 11. b3 d5 12. dxc5 dxc4 13. Nd4 Nxd4 14. Bxd4 Qc8
15. Bxc4 Bxc4 16. bxc4 bxc5 17. Be5 Nxe4 18. Nxe4 Bxe5 19. Qa5 Rb8+ 20. Kc1 Rb4
21. Kd2 Rd8+ 22. Ke3 Bd4+ 23. Ke2 Rb2+ 24. Rd2 Rxd2+ 25. Nxd2 Qd7 26. Nb3 e5
27. Rd1 e4 28. Nxc5 exf3+ 29. gxf3 Re8+ 30. Ne4 f5 31. Qd5+ Qxd5 32. cxd5 Bb6
33. Kd3 fxe4+ 34. fxe4 Kf7 35. Rf1+ Ke7 36. e5 Rf8 37. d6+ Ke8 38. Rc1 Kd7 39.
Ke4 Rf2 40. Rd1 Rxa2 41. Rf1 Re2+ 42. Kd5 Rd2+ 43. Kc4 Ke6 44. Re1 Rd4+ 45. Kb3
Rd5 0-1

[Event "Liberec Open 2016"]
[Site "Liberec CZE"]
[Date "2016.02.16"]
[Round "5.9"]
[White "Janous, Petr"]
[Black "Brauer, Christian"]
[Result "0-1"]
[WhiteElo "1903"]
[BlackElo "2096"]
[PlyCount "80"]
[EventDate "2016.02.13"]
[EventType "swiss"]
[EventRounds "9"]
[EventCountry "CZE"]
[Source "lmi"]
[SourceDate "2016.02.13"]

1. d4 d5 2. Bf4 Nf6 3. e3 Bf5 4. Nf3 e6 5. Bd3 Ne4 6. h3 Be7 7. O-O g5 8. Bh2
h5 9. Bxe4 Bxe4 10. Nfd2 Bf5 11. g4 hxg4 12. hxg4 Bg6 13. Kg2 Nc6 14. Na3 a6
15. c3 Qd7 16. Qe2 O-O-O 17. Rh1 f5 18. f3 Rdf8 19. Bg3 Bd6 20. Rag1 Bxg3 21.
Kxg3 fxg4 22. fxg4 Qd6+ 23. Kg2 Rh4 24. Rxh4 gxh4 25. Kh3 Nd8 26. Qh2 Qe7 27.
Qg2 Nf7 28. Rf1 Ng5+ 29. Kh2 Bd3 30. Rf4 Re8 31. c4 c6 32. Qf2 e5 33. Rf6 Qb4
34. cxd5 exd4 35. e4 Nxe4 36. Qf5+ Kb8 37. Qf4+ Ka7 38. Nxe4 Rxe4 39. Qc1 Re1
40. Qf4 Qxb2+ 0-1

[Event "Liberec Open 2016"]
[Site "Liberec CZE"]
[Date "2016.02.16"]
[Round "5.10"]
[White "Grzesik, Norbert"]
[Black "Fogel, Pierre"]
[Result "1/2-1/2"]
[WhiteElo "1892"]
[BlackElo "2086"]
[PlyCount "63"]
[EventDate "2016.02.13"]
[EventType "swiss"]
[EventRounds "9"]
[EventCountry "CZE"]
[Source "lmi"]
[SourceDate "2016.02.13"]

1. e4 c5 2. Nf3 e6 3. d4 cxd4 4. Nxd4 Nc6 5. Nc3 Qc7 6. f4 a6 7. a3 b5 8. Be3
Bb7 9. Be2 d6 10. O-O Nf6 11. Bf3 Be7 12. Qe1 O-O 13. Qg3 Nxd4 14. Bxd4 Rad8
15. Rae1 Rd7 16. Kh1 Re8 17. e5 dxe5 18. Bxe5 Qc8 19. Ne4 Bxe4 20. Bxe4 g6 21.
Bd3 Nh5 22. Qg4 Bf6 23. f5 exf5 24. Bxf5 Rxe5 25. Bxd7 Rxe1 26. Rxe1 Qxc2 27.
Qe2 Qc7 28. Qd2 Nf4 29. Bg4 h5 30. Rc1 Qe5 31. Re1 Qc7 32. Rc1 1/2-1/2

[Event "Liberec Open 2016"]
[Site "Liberec CZE"]
[Date "2016.02.16"]
[Round "5.11"]
[White "Samborski, Henryk"]
[Black "Stebel, Agata"]
[Result "1-0"]
[WhiteElo "2050"]
[BlackElo "1768"]
[PlyCount "47"]
[EventDate "2016.02.13"]
[EventType "swiss"]
[EventRounds "9"]
[EventCountry "CZE"]
[Source "lmi"]
[SourceDate "2016.02.13"]

1. Nf3 g6 2. g3 Bg7 3. Bg2 d5 4. d4 Nf6 5. O-O O-O 6. c4 c6 7. Ne5 Bf5 8. Nc3
Na6 9. cxd5 cxd5 10. Qb3 Rb8 11. Bf4 Nc7 12. Rac1 Nh5 13. Be3 Bxe5 14. dxe5 d4
15. Rfd1 d3 16. g4 Bxg4 17. Rxd3 Qe8 18. Bxa7 Rd8 19. Rxd8 Qxd8 20. Rd1 Qc8 21.
Qxb7 Nf4 22. Qxc8 Rxc8 23. Bb7 Re8 24. f3 1-0

[Event "Liberec Open 2016"]
[Site "Liberec CZE"]
[Date "2016.02.16"]
[Round "5.17"]
[White "Siggelkow, Axel"]
[Black "Slechta, Jan"]
[Result "1-0"]
[WhiteElo "2051"]
[BlackElo "1721"]
[PlyCount "39"]
[EventDate "2016.02.13"]
[EventType "swiss"]
[EventRounds "9"]
[EventCountry "CZE"]
[Source "lmi"]
[SourceDate "2016.02.13"]

1. d4 Nf6 2. Nf3 e6 3. g3 b6 4. Bg2 Bb7 5. O-O Be7 6. c4 O-O 7. d5 exd5 8. Nh4
c6 9. cxd5 Nxd5 10. Nf5 Nc7 11. e4 Ne6 12. Nc3 Re8 13. Qg4 Ba6 14. Rd1 Bc8 15.
Nd5 Bc5 16. Nh6+ Kf8 17. Qf5 f6 18. Qxh7 cxd5 19. Qg8+ Ke7 20. Nf5# 1-0

[Event "Liberec Open 2016"]
[Site "Liberec CZE"]
[Date "2016.02.16"]
[Round "5.20"]
[White "Hung, Do"]
[Black "Dimov, Daniel"]
[Result "1-0"]
[WhiteElo "1715"]
[BlackElo "1959"]
[PlyCount "101"]
[EventDate "2016.02.13"]
[EventType "swiss"]
[EventRounds "9"]
[EventCountry "CZE"]
[Source "lmi"]
[SourceDate "2016.02.13"]

1. e4 d6 2. d4 Nf6 3. Nc3 g6 4. f3 Bg7 5. Be3 Nbd7 6. Qd2 e5 7. Nge2 a6 8. g4
exd4 9. Nxd4 Ne5 10. Be2 Be6 11. Nxe6 fxe6 12. g5 Nfd7 13. h4 Nb6 14. Bxb6 cxb6
15. O-O-O Nf7 16. f4 Qc7 17. Bg4 Bxc3 18. bxc3 Qc4 19. Qd4 Qxd4 20. cxd4 Ke7
21. f5 gxf5 22. exf5 exf5 23. Bxf5 Rae8 24. Rde1+ Kd8 25. Rxe8+ Kxe8 26. Re1+
Kf8 27. Re6 h5 28. a4 b5 29. axb5 axb5 30. Kb2 Nd8 31. Rxd6 Nc6 32. Rd7 Ne7 33.
Be4 b6 34. Rb7 Nc8 35. g6 Rg8 36. g7+ Rxg7 37. Rb8 Rg4 38. Rxc8+ Ke7 39. Bf3
Rxd4 40. Bxh5 Rxh4 41. Be2 Kd7 42. Rc3 b4 43. Rc4 Rh2 44. Bd3 Kd6 45. Rxb4 Kc5
46. Rc4+ Kd5 47. Kc3 Rf2 48. Kb4 Rf6 49. Be4+ Ke5 50. Kb5 Rd6 51. Bc6 1-0

[Event "Liberec Open 2016"]
[Site "Liberec CZE"]
[Date "2016.02.16"]
[Round "5.21"]
[White "Hrbek, Stepan"]
[Black "Peniska, Pavel"]
[Result "1-0"]
[WhiteElo "1656"]
[BlackElo "1957"]
[PlyCount "79"]
[EventDate "2016.02.13"]
[EventType "swiss"]
[EventRounds "9"]
[EventCountry "CZE"]
[Source "lmi"]
[SourceDate "2016.02.13"]

1. d4 Nf6 2. Nf3 e6 3. g3 b6 4. Bg2 Bb7 5. O-O c5 6. c4 cxd4 7. Nxd4 Bxg2 8.
Kxg2 Qc7 9. b3 Be7 10. Kg1 Nc6 11. Nb5 Qb8 12. Bf4 e5 13. Bg5 O-O 14. Bxf6 gxf6
15. Qxd7 Rc8 16. Nd2 a6 17. Nc3 Ra7 18. Qg4+ Kh8 19. Nd5 Rg8 20. Qh5 Rg6 21.
Nf3 Bf8 22. Nh4 Rg5 23. Qf3 f5 24. Nxf5 Rxf5 25. Qxf5 Nd4 26. Qh5 Bg7 27. e3
Ne6 28. Rad1 b5 29. Rc1 Qd8 30. Rfd1 Rd7 31. Qh4 Ng5 32. Qg4 Ne6 33. Nc3 bxc4
34. Qxc4 e4 35. Rxd7 Qxd7 36. Rd1 Qe8 37. Nxe4 f5 38. Nc5 Ng5 39. Qd5 Bf6 40.
Qxf5 1-0

[Event "Liberec Open 2016"]
[Site "Liberec CZE"]
[Date "2016.02.16"]
[Round "5.28"]
[White "Pribyl, Viktor"]
[Black "Simak, Roman"]
[Result "1-0"]
[WhiteElo "1850"]
[BlackElo "1598"]
[PlyCount "43"]
[EventDate "2016.02.13"]
[EventType "swiss"]
[EventRounds "9"]
[EventCountry "CZE"]
[Source "lmi"]
[SourceDate "2016.02.13"]

1. d4 f5 2. Bf4 Nf6 3. e3 e6 4. Nf3 Be7 5. Bd3 d5 6. c4 c6 7. Nc3 O-O 8. Qc2
Ne4 9. g4 g6 10. Rg1 Nxc3 11. Qxc3 Bd6 12. Bg5 Be7 13. Bh6 Re8 14. gxf5 exf5
15. Qc2 Bb4+ 16. Ke2 Qf6 17. Qb3 Bd6 18. cxd5 cxd5 19. Qxd5+ Qe6 20. Bc4 Qxd5
21. Bxd5+ Kh8 22. Ng5 1-0

[Event "Liberec Open 2016"]
[Site "Liberec CZE"]
[Date "2016.02.16"]
[Round "5.42"]
[White "Hercik, Petr"]
[Black "Bergh, Nicholas"]
[Result "1-0"]
[WhiteElo "1594"]
[BlackElo "1494"]
[PlyCount "56"]
[EventDate "2016.02.13"]
[EventType "swiss"]
[EventRounds "9"]
[EventCountry "CZE"]
[Source "lmi"]
[SourceDate "2016.02.13"]

1. d4 e6 2. Nf3 f5 3. c4 Nf6 4. Nc3 Bb4 5. Qc2 b6 6. a3 Bxc3+ 7. Qxc3 Ne4 8.
Qc2 Bb7 9. e3 O-O 10. Be2 d6 11. b4 Nd7 12. Bb2 c5 13. O-O Qe8 14. Rad1 Rd8 15.
dxc5 dxc5 16. Ne5 Nxe5 17. Bxe5 Qg6 18. f3 Rxd1 19. Rxd1 Ng5 20. Rd7 Rf7 21.
Rd8+ Rf8 22. Qd1 h6 23. Kf2 Nf7 24. Rxf8+ Kxf8 25. Bb8 a6 26. Qd7 Ba8 27. Qa7
cxb4 28. Qxa8 b3 1-0

[Event "Liberec Open 2016"]
[Site "Liberec CZE"]
[Date "2016.02.16"]
[Round "5.46"]
[White "Simon, Peter"]
[Black "Mikalsen, Harald"]
[Result "1/2-1/2"]
[WhiteElo "2134"]
[BlackElo "1975"]
[PlyCount "37"]
[EventDate "2016.02.13"]
[EventType "swiss"]
[EventRounds "9"]
[EventCountry "CZE"]
[Source "lmi"]
[SourceDate "2016.02.13"]

1. d4 Nf6 2. g3 g6 3. Bg2 d5 4. Nf3 Bg7 5. O-O O-O 6. c4 dxc4 7. Na3 c5 8. dxc5
Ne4 9. Qc2 Nxc5 10. Rd1 Qa5 11. Nxc4 Qa6 12. Nce5 Ncd7 13. Bf4 Nxe5 14. Bxe5
Bf5 15. Qc7 Nc6 16. Bxg7 Kxg7 17. Nd4 Nxd4 18. Qe5+ Qf6 19. Qxd4 1/2-1/2